تمتع الان بذاكرة حديدية / (رقم التسجيلة. 114518)

تفاصيل مارك
000 -LEADER
fixed length control field 00532nam a22001817a 4500
005 - DATE AND TIME OF LATEST TRANSACTION
control field 20251108174641.0
008 - FIXED-LENGTH DATA ELEMENTS--GENERAL INFORMATION
fixed length control field 250721s2007 xx 000 0 ara d
082 14 - DEWEY DECIMAL CLASSIFICATION NUMBER
Classification number 153.1/سلي
100 1# - MAIN ENTRY--PERSONAL NAME
Personal name سليمان، صبحي
Relator term مؤلف
245 10 - TITLE STATEMENT
Title تمتع الان بذاكرة حديدية /
264 1# - PRODUCTION, PUBLICATION, DISTRIBUTION, MANUFACTURE, AND COPYRIGHT NOTICE
Place of production, publication, distribution, manufacture الجيزة :
Name of producer, publisher, distributor, manufacturer دار الأمل للنشر و التوزيع،
Date of production, publication, distribution, manufacture, or copyright notice 2007.
300 ## - PHYSICAL DESCRIPTION
Extent 157 ص.
650 17 - SUBJECT ADDED ENTRY--TOPICAL TERM
Topical term or geographic name as entry element الذاكره
650 17 - SUBJECT ADDED ENTRY--TOPICAL TERM
Topical term or geographic name as entry element التعلم
650 17 - SUBJECT ADDED ENTRY--TOPICAL TERM
Topical term or geographic name as entry element التفكير
942 ## - ADDED ENTRY ELEMENTS (KOHA)
Source of classification or shelving scheme Dewey Decimal Classification
Koha item type كتب
المقتنيات
حالة السحب حالة الفقدان مصدر التصنيف حالة التلف غير قابل للإعارة المكتبة الرئيسية المكتبة الحالية موقع الرف تاريخ التزويد الرقم المتسلسل Total Checkouts رقم الإستدعاء الباركود تاريخ آخر ظهور تاريخ الفاتورة نوع المادة (كوها)
    Dewey Decimal Classification     مكتبة أم قصير والمقابلين العامة مكتبة أم قصير والمقابلين العامة الإعارة 27/10/2008 1240076   153.1/سلي PLD00047238 28/07/2025 27/10/2008 كتب
    Dewey Decimal Classification     مكتبة منتدى الرواد مكتبة منتدى الرواد الإعارة 18/08/2009 1313097   153.1/سلي PLD00106327 28/07/2025 18/08/2009 كتب
Implemented & Customized by: BBB with SCIT (Smart Chains for Information Technology)

Powered by Koha